| 000 | 00321nam a22001337a 4500 | ||
|---|---|---|---|
| 020 | _qPB. | ||
| 040 | _cFIZZA ISHAQ | ||
| 082 |
_a620.106 _bDAV |
||
| 100 |
_aPNUELI,DAVID. _991615 |
||
| 245 |
_aFLUID MECHANICS / _cDAVID PNUELI. |
||
| 260 |
_aCAMBRIDGE UNIVERSITY PRESS ; _c2014. |
||
| 300 | _a482 P. ; | ||
| 942 |
_2ddc _cBK |
||
| 999 |
_c589747 _d589747 |
||